ბათუმის შოთა რუსთაველის სახელმწიფო უნივერსიტეტის ბიბლიოთეკა

თუ იგრძნო წამი... (ბიბ.ჩანაწერი № 49016)

000 -LEADER
fixed length control field 00811nam a2200241Ia 4500
001 - CONTROL NUMBER
control field 15921
003 - CONTROL NUMBER IDENTIFIER
control field GE_BSU
008 - FIXED-LENGTH DATA ELEMENTS--GENERAL INFORMATION
fixed length control field 181216s||||||||xx |||||||||||||| ||und||
040 ## - CATALOGING SOURCE
Transcribing agency GE_BSU
080 ## - UNIVERSAL DECIMAL CLASSIFICATION NUMBER
Universal Decimal Classification number 821.353.1-1
100 ## - MAIN ENTRY--PERSONAL NAME
Personal name ჯაყელი, ჯემალ
245 ## - TITLE STATEMENT
Title თუ იგრძნო წამი...
245 ## - TITLE STATEMENT
Remainder of title 20ლექსი 200 ამონარიდი
245 ## - TITLE STATEMENT
Statement of responsibility, etc. შეადგინა ტასო ცხოიძემ.რედ. სანდრო ბერიძე
260 ## - PUBLICATION, DISTRIBUTION, ETC.
Place of publication, distribution, etc. ბათუმი
260 ## - PUBLICATION, DISTRIBUTION, ETC.
Name of publisher, distributor, etc. მესხეთი
260 ## - PUBLICATION, DISTRIBUTION, ETC.
Date of publication, distribution, etc. 1998
300 ## - PHYSICAL DESCRIPTION
Extent 76 გვ. ;პორტრ. 16 სმ
653 ## - INDEX TERM--UNCONTROLLED
Uncontrolled term 20ლექსი 200 ამონარიდი
653 ## - INDEX TERM--UNCONTROLLED
Uncontrolled term თუ იგრძნო წამი...
942 ## - ADDED ENTRY ELEMENTS (KOHA)
Koha item type წიგნი
ეგზემპლარები
Withdrawn status Lost status Damaged status Not for loan Date acquired Barcode Date last seen Price effective from Koha item type
        2018-12-17 39703 2018-12-17 2018-12-17 წიგნი